[Event "Rated Blitz game"]
[Site "?"]
[Date "2021.11.21"]
[Round "?"]
[White "Ianniello"]
[Black "batasjon"]
[Result "0-1"]
[WhiteElo "2457"]
[BlackElo "2441"]
[PlyCount "94"]
[EventDate "2021.??.??"]
[EventType "blitz"]

1. e4 e5 2. Nf3 d5 3. d3 dxe4 4. dxe4 Qxd1+ 5. Kxd1 Nf6 6. Bd3 Nc6 7. h3 Bc5 8.
Ke2 Nd7 9. Be3 f6 10. Nc3 Bxe3 11. Kxe3 a6 12. Rad1 Nb6 13. a3 Be6 14. Be2 Ke7
15. Nd5+ Bxd5 16. exd5 Nb8 17. c4 Nc8 18. Rhe1 a5 19. Nh4 g6 20. Bd3 f5 21. f3
Kf6 22. Kf2 Nd7 23. g4 Nd6 24. Ng2 Nc5 25. Bf1 Rhe8 26. Re3 a4 27. Rde1 Re7 28.
h4 h6 29. g5+ hxg5 30. hxg5+ Kxg5 31. Rxe5 Rxe5 32. Rxe5 Kf6 33. Re3 g5 34. Re1
Rh8 35. Kg3 f4+ 36. Kf2 Nf5 37. Rd1 Rh2 38. Kg1 Rh3 39. Kf2 Rh1 40. Be2 Rxd1
41. Bxd1 Ke5 42. Bc2 Nd6 43. Ke2 Nxc4 44. Ne1 Kd4 45. Be4 Nxe4 46. fxe4 Kxe4
47. Nc2 g4 {Normal} 0-1

[Event "Rated Blitz game"]
[Site "?"]
[Date "2021.11.21"]
[Round "?"]
[White "Sliver777"]
[Black "batasjon"]
[Result "1-0"]
[WhiteElo "2476"]
[BlackElo "2436"]
[PlyCount "27"]
[EventDate "2021.??.??"]
[EventType "blitz"]

1. e4 e5 2. Nf3 d5 3. Nc3 dxe4 4. Nxe4 f5 5. Nc3 e4 6. Ne5 Qd4 7. Qh5+ g6 8.
Nxg6 hxg6 9. Qxg6+ Kd8 10. d3 Ne7 11. Qf7 Qe5 12. dxe4 fxe4 13. Bf4 Qe6 14.
O-O-O+ {Normal} 1-0

[Event "Rated Blitz game"]
[Site "?"]
[Date "2021.11.21"]
[Round "?"]
[White "LTop"]
[Black "Bakiuzumaki"]
[Result "0-1"]
[WhiteElo "2502"]
[BlackElo "2328"]
[PlyCount "40"]
[EventDate "2021.??.??"]
[EventType "blitz"]

1. e4 e5 2. Nf3 d5 3. Nxe5 Bd6 4. d4 dxe4 5. Nc4 Be7 6. Ne3 Nf6 7. Bc4 O-O 8.
c3 c5 9. dxc5 Qc7 10. b4 a5 11. Qb3 Nc6 12. Bb2 Ne5 13. Nd5 Nxd5 14. Bxd5 Nd3+
15. Ke2 Qf4 16. f3 exf3+ 17. Bxf3 Bf5 18. c4 Bg5 19. Nd2 Qxd2+ 20. Kf1 Qf2# {
Normal} 0-1

[Event "Rated Blitz game"]
[Site "?"]
[Date "2021.11.21"]
[Round "?"]
[White "ChessLearningStation"]
[Black "Erow"]
[Result "0-1"]
[WhiteElo "2672"]
[BlackElo "2747"]
[PlyCount "66"]
[EventDate "2021.??.??"]
[EventType "blitz"]

1. e4 e5 2. Nf3 d5 3. exd5 e4 4. Qe2 Nf6 5. d3 Bb4+ 6. Bd2 O-O 7. Bxb4 exf3 8.
Qxf3 Re8+ 9. Be2 Bg4 10. O-O Bxf3 11. Bxf3 Nxd5 12. Ba3 c6 13. Nd2 Nd7 14. Nc4
N7b6 15. Nd6 Re7 16. c4 Nf4 17. d4 Rd7 18. c5 Nbd5 19. Rfe1 Ne6 20. Bg4 Rxd6
21. cxd6 Nxd4 22. d7 Ne6 23. Rxe6 fxe6 24. Bxe6+ Kh8 25. Re1 Nf6 26. Rd1 Qa5
27. Be7 Nxd7 28. Bxd7 Qe5 29. Bh4 Qe4 30. g3 Qe2 31. Rd4 h6 32. g4 c5 33. Rd5
Qe1+ {Normal} 0-1

[Event "Rated Blitz game"]
[Site "?"]
[Date "2021.11.21"]
[Round "?"]
[White "olympdegouges"]
[Black "RCompany_1"]
[Result "1-0"]
[WhiteElo "2402"]
[BlackElo "2386"]
[PlyCount "43"]
[EventDate "2021.??.??"]
[EventType "blitz"]

1. e4 e5 2. Nf3 d5 3. Nxe5 Bd6 4. d4 dxe4 5. Bc4 Bxe5 6. dxe5 Qd2+ 7. Nxd2 Ne7
8. Nxe4 O-O 9. O-O Nbc6 10. f4 Bf5 11. Ng3 Rad8 12. Nxf5 Nxf5 13. Qe2 Ncd4 14.
Qf2 b5 15. Bb3 a5 16. c3 Nc6 17. Be3 Rd3 18. Bc5 Rfd8 19. Rfe1 a4 20. Bc2 Rd2
21. Re2 R2d7 22. Bxf5 {Normal} 1-0

[Event "Rated Blitz game"]
[Site "?"]
[Date "2021.11.21"]
[Round "?"]
[White "ElhachaGM"]
[Black "Roberto_Baggio1978"]
[Result "1-0"]
[WhiteElo "2703"]
[BlackElo "2584"]
[PlyCount "99"]
[EventDate "2021.??.??"]
[EventType "blitz"]

1. e4 e5 2. Nf3 d5 3. exd5 e4 4. Qe2 Nf6 5. Nc3 Be7 6. Nxe4 O-O 7. Nxf6+ Bxf6
8. d4 Re8 9. Be3 Qxd5 10. Qb5 Qd8 11. Bd3 a6 12. Qh5 g6 13. Qh6 Bg4 14. O-O-O
Bxf3 15. gxf3 Qd5 16. Kb1 Qxf3 17. h4 Bg7 18. Qg5 Nc6 19. h5 h6 20. Qh4 g5 21.
Qh2 Nxd4 22. Qxc7 Rac8 23. Qb6 Re6 24. Qb4 Nc6 25. Qd2 Ne5 26. Rhg1 Ng4 27.
Rde1 Nxe3 28. fxe3 Rd6 29. Ref1 Qc6 30. Qf2 Rc7 31. Qf5 Qb6 32. Qh7+ Kf8 33. b3
Qxe3 34. Qe4 Qd2 35. Re1 Re6 36. Qxe6 fxe6 37. Rgf1+ Kg8 38. Rxe6 Qc3 39. Re8+
Bf8 40. Rfxf8+ Kg7 41. Rg8+ Kf7 42. Bg6+ Kf6 43. Rgf8+ Kg7 44. Rf1 Qd2 45. Ref8
Re7 46. R8f7+ Rxf7 47. Rxf7+ Kg8 48. Rf1 Qd4 49. Re1 a5 50. Re8+ {Time forfeit}
1-0

[Event "Rated Blitz game"]
[Site "?"]
[Date "2021.11.21"]
[Round "?"]
[White "Vlad_chess_2420"]
[Black "Tengo1000cuentas"]
[Result "1-0"]
[WhiteElo "2425"]
[BlackElo "2314"]
[PlyCount "59"]
[EventDate "2021.??.??"]
[EventType "blitz"]

1. e4 e5 2. Nf3 d5 3. Nxe5 Nf6 4. d4 Nxe4 5. Bd3 Nd7 6. O-O Nxe5 7. dxe5 Nc5 8.
Be2 Be6 9. b3 Be7 10. Bb2 O-O 11. f4 Bf5 12. Nd2 f6 13. g4 Be4 14. Nxe4 Nxe4
15. e6 Bc5+ 16. Kg2 f5 17. g5 Nxg5 18. fxg5 Qxg5+ 19. Kh1 f4 20. Bf3 c6 21. Qd3
Rae8 22. Rg1 Bxg1 23. Rxg1 Qh6 24. Rxg7+ Qxg7 25. Bxg7 Kxg7 26. Qd4+ Kh6 27.
Qe5 Re7 28. Qh5+ Kg7 29. Qg5+ Kh8 30. Qxe7 {Normal} 1-0

[Event "Rated Blitz tournament ai0ksWEf"]
[Site "?"]
[Date "2021.11.21"]
[Round "?"]
[White "ekocss"]
[Black "om_gendut"]
[Result "1-0"]
[WhiteElo "2324"]
[BlackElo "2465"]
[PlyCount "113"]
[EventDate "2021.??.??"]
[EventType "blitz"]

1. e4 e5 2. Nf3 d5 3. d4 dxe4 4. Nxe5 Bd6 5. Nc4 Be7 6. Be2 Nf6 7. Ne3 O-O 8.
c4 Nc6 9. d5 Ne5 10. Nc3 Re8 11. O-O Bd6 12. h3 Ng6 13. Ng4 Qe7 14. Be3 Nxg4
15. hxg4 Qh4 16. g3 Bxg3 17. fxg3 Qxg3+ 18. Kh1 Nh4 19. Rf2 Qxe3 20. Qf1 f6 21.
d6 c6 22. Re1 Qg5 23. c5 Be6 24. b3 Qxc5 25. Rh2 Ng6 26. Nxe4 Bd5 27. Bf3 Bxe4
28. Rxe4 Rxe4 29. Bxe4 Qxd6 30. Qc4+ Kf8 31. Bxg6 Qd1+ 32. Kg2 Qd5+ 33. Qxd5
cxd5 34. Bxh7 Rc8 35. Bf5 Rc3 36. Rh8+ Kf7 37. Rb8 Ke7 38. Rxb7+ Kd6 39. Rxa7
Ke5 40. Re7+ Kf4 41. Rxg7 d4 42. Kf2 d3 43. Ke1 Ke3 44. Kd1 d2 45. Re7+ Kf4 46.
Kxd2 Rg3 47. Re4+ Kg5 48. b4 Rg2+ 49. Kc3 Rg3+ 50. Kc4 Rg2 51. Kc5 Rxa2 52. b5
Rb2 53. b6 Rc2+ 54. Rc4 Rb2 55. Rb4 Rc2+ 56. Kd6 Rc8 57. Bxc8 {Normal} 1-0

[Event "Rated Blitz game"]
[Site "?"]
[Date "2021.11.21"]
[Round "?"]
[White "milayadevochkasasha"]
[Black "oALJHUNDZo"]
[Result "0-1"]
[WhiteElo "2441"]
[BlackElo "2416"]
[PlyCount "98"]
[EventDate "2021.??.??"]
[EventType "blitz"]

1. e4 e5 2. Nf3 d5 3. exd5 e4 4. Qe2 Nf6 5. Nc3 Be7 6. Nxe4 O-O 7. d3 Qxd5 8.
Bf4 Nc6 9. O-O-O Qxa2 10. Nc3 Qa1+ 11. Kd2 Qxb2 12. Rb1 Qa3 13. Rb3 Qa5 14. Rb5
Qa3 15. Rb3 Qa6 16. Ne5 Nd4 17. Qe3 Bc5 18. Qg3 Nxb3+ 19. cxb3 Bb4 20. Kc2 Be6
21. Bh6 Ne8 22. Be2 Bxb3+ 23. Kxb3 Qxh6 24. Ng4 Qb6 25. Nd5 Qe6 26. Bf3 Bd6 27.
Qh3 c6 28. Be4 f5 29. Nge3 cxd5 30. Bxd5 Nc7 31. Bxe6+ Nxe6 32. Nxf5 Be5 33.
Ng3 Nf4 34. Qf5 Rxf5 35. Nxf5 Nxd3 36. Ne7+ Kf7 37. Nd5 Nxf2 38. Rf1 Ke6 39.
Rxf2 Kxd5 40. Re2 Rf8 41. Kc2 Rf5 42. Kd1 b5 43. Rd2+ Kc4 44. Ra2 Rf7 45. Re2
Bc3 46. h3 b4 47. Kc2 b3+ 48. Kb1 a5 49. Re4+ Bd4 {Time forfeit} 0-1

[Event "Rated Blitz game"]
[Site "?"]
[Date "2021.11.21"]
[Round "?"]
[White "ReySolis"]
[Black "rofaidah"]
[Result "1-0"]
[WhiteElo "2424"]
[BlackElo "2468"]
[PlyCount "65"]
[EventDate "2021.??.??"]
[EventType "blitz"]

1. e4 e5 2. Nf3 d5 3. exd5 e4 4. Qe2 Nf6 5. d3 Bf5 6. Nc3 Bb4 7. Bg5 Bxc3+ 8.
bxc3 O-O 9. dxe4 Bxe4 10. O-O-O Nbd7 11. Qd2 Qe7 12. Kb2 b5 13. Ka1 Qa3 14. Rb1
a6 15. Rb3 Qa5 16. c4 Qxd2 17. Bxd2 Bxc2 18. Rb2 Bg6 19. cxb5 axb5 20. Bxb5 Nb6
21. Bc6 Rad8 22. Bb4 Nfxd5 23. Bxd5 Rxd5 24. Bxf8 Kxf8 25. Re1 f6 26. Rd2 Ra5
27. Rd8+ Kf7 28. Nd4 Bd3 29. Re7+ Kg6 30. Rxc7 Nd5 31. Rb7 Nc3 32. Rb2 Bc4 33.
Rc8 {Time forfeit} 1-0

[Event "Rated Blitz game"]
[Site "?"]
[Date "2021.11.21"]
[Round "?"]
[White "Yarovik"]
[Black "rofaidah"]
[Result "1-0"]
[WhiteElo "2458"]
[BlackElo "2453"]
[PlyCount "109"]
[EventDate "2021.??.??"]
[EventType "blitz"]

1. e4 e5 2. Nf3 d5 3. exd5 e4 4. Qe2 Nf6 5. d3 Bf5 6. dxe4 Bxe4 7. Nfd2 Qe7 8.
Nc3 Bxc2 9. Nc4 Qxe2+ 10. Bxe2 Bc5 11. Be3 Bxe3 12. Nxe3 Bg6 13. Nb5 Na6 14.
Rc1 O-O 15. O-O Rfd8 16. Rfd1 Rd7 17. a3 Be4 18. Nc3 Bg6 19. Bxa6 bxa6 20. f3
a5 21. Na4 Rb8 22. Kf2 h5 23. Rc5 Kh7 24. Rxa5 c6 25. dxc6 Rxd1 26. Nxd1 Bc2
27. Nac3 Rc8 28. Rc5 Rc7 29. Ne3 Bb3 30. Nb5 Rc8 31. Nxa7 Rc7 32. Nb5 Rc8 33.
c7 Be6 34. Nd6 Nd7 35. Rc3 Nb6 36. Nxc8 Nxc8 37. a4 f5 38. f4 g5 39. g3 gxf4
40. gxf4 Kg7 41. b4 Kf7 42. a5 Ke7 43. b5 Kd7 44. b6 Nd6 45. Rd3 Kc6 46. Rxd6+
Kxd6 47. Nc4+ Kc6 48. Ke3 Kb7 49. Kd4 h4 50. Kc5 h3 51. Nd6+ Ka6 52. c8=Q+ Bxc8
53. Nxc8 Kxa5 54. b7 Ka4 55. b8=Q {Normal} 1-0

[Event "Rated Blitz game"]
[Site "?"]
[Date "2021.11.21"]
[Round "?"]
[White "rfwkkk"]
[Black "Erow"]
[Result "1-0"]
[WhiteElo "2815"]
[BlackElo "2757"]
[PlyCount "91"]
[EventDate "2021.??.??"]
[EventType "blitz"]

1. e4 e5 2. Nf3 d5 3. exd5 e4 4. Qe2 Nf6 5. d3 Bb4+ 6. Nfd2 O-O 7. dxe4 Nxe4 8.
c3 Nxd2 9. Bxd2 Bc5 10. Qc4 Re8+ 11. Be2 Nd7 12. O-O Bd6 13. Be3 Ne5 14. Qd4
Qf6 15. Nd2 Qg6 16. Nf3 Ng4 17. Bd3 Qh5 18. Bf4 Bf5 19. Bxf5 Qxf5 20. Bxd6 cxd6
21. Rfe1 h5 22. h3 Nf6 23. c4 a6 24. b3 g5 25. h4 g4 26. Ng5 Rac8 27. a4 Nd7
28. Ne4 Qf4 29. g3 Qh6 30. Re3 Ne5 31. Rae1 Qg7 32. Kg2 Red8 33. Nxd6 Rxd6 34.
Qxe5 Qxe5 35. Rxe5 Rb6 36. R1e3 Kf8 37. Rxh5 Rg6 38. Rh8+ Rg8 39. Rxg8+ Kxg8
40. Re4 f5 41. Re7 Rb8 42. d6 Kf8 43. c5 b6 44. c6 Rd8 45. Rd7 Rc8 46. c7 {
Normal} 1-0

[Event "Rated Blitz game"]
[Site "?"]
[Date "2021.11.21"]
[Round "?"]
[White "Nightmarish_Pawn"]
[Black "rofaidah"]
[Result "1-0"]
[WhiteElo "2456"]
[BlackElo "2462"]
[PlyCount "41"]
[EventDate "2021.??.??"]
[EventType "blitz"]

1. e4 e5 2. Nf3 d5 3. exd5 e4 4. Qe2 Nf6 5. Nc3 Bf5 6. Nd4 Bg6 7. d3 Bb4 8. Bg5
Qxd5 9. Bxf6 gxf6 10. Ndb5 Bxc3+ 11. Nxc3 Qe6 12. dxe4 Nd7 13. O-O-O O-O-O 14.
Kb1 Nc5 15. f3 f5 16. exf5 Qxf5 17. a3 Rhe8 18. Qf2 Nb3 19. Bd3 Rxd3 20. Rxd3
Nc5 21. Rd5 {Normal} 1-0

[Event "Rated Blitz game"]
[Site "?"]
[Date "2021.11.21"]
[Round "?"]
[White "Prince_Akiba"]
[Black "StoqnOrlinovStoqnov"]
[Result "1-0"]
[WhiteElo "2661"]
[BlackElo "2526"]
[PlyCount "97"]
[EventDate "2021.??.??"]
[EventType "blitz"]

1. e4 e5 2. Nf3 d5 3. exd5 e4 4. Qe2 Qe7 5. Nd4 Nf6 6. Nc3 Nbd7 7. d3 exd3 8.
Qxe7+ Bxe7 9. Bxd3 Nb6 10. d6 Bxd6 11. Ndb5 O-O 12. Nxd6 cxd6 13. O-O Be6 14.
Bf4 Bc4 15. Rad1 Bxd3 16. Rxd3 d5 17. Rfd1 Nc4 18. Bc1 Rfe8 19. f3 h6 20. b3
Ne5 21. R3d2 Rac8 22. Bb2 Ng6 23. Nb5 Re6 24. Nxa7 Ra8 25. Bd4 b6 26. Nb5 Rxa2
27. Bxf6 Rxf6 28. Nc3 Rb2 29. Nxd5 Re6 30. Kf2 Rc6 31. Nb4 Rc3 32. Kg3 h5 33.
h4 Kh7 34. Nd5 Rcxc2 35. Rxc2 Rxc2 36. Nxb6 Ne5 37. Rb1 f6 38. b4 g5 39. hxg5
fxg5 40. Nd5 Kg6 41. b5 h4+ 42. Kh3 Kh5 43. b6 g4+ 44. fxg4+ Nxg4 45. b7 Rd2
46. Nf4+ Kg5 47. b8=Q Nf2+ 48. Kh2 Ng4+ 49. Kg1 {Normal} 1-0

[Event "Rated Blitz tournament ai0ksWEf"]
[Site "?"]
[Date "2021.11.21"]
[Round "?"]
[White "ArfanKhaidar"]
[Black "om_gendut"]
[Result "0-1"]
[WhiteElo "2246"]
[BlackElo "2449"]
[PlyCount "114"]
[EventDate "2021.??.??"]
[EventType "blitz"]

1. e4 e5 2. Nf3 d5 3. d4 dxe4 4. Nxe5 Bd6 5. Nc3 Bxe5 6. dxe5 Qxd1+ 7. Nxd1 Nc6
8. Nc3 Bf5 9. Bb5 Nge7 10. O-O O-O-O 11. Bg5 h6 12. Bxc6 hxg5 13. Bxe4 Be6 14.
Rad1 Kb8 15. g3 Nc8 16. Rxd8 Rxd8 17. f4 gxf4 18. gxf4 g6 19. f5 gxf5 20. Bxf5
Bxf5 21. Rxf5 Re8 22. Rxf7 Rxe5 23. Rf8 c6 24. Kf2 Kc7 25. Ne2 Nd6 26. Ng3 Rc5
27. c3 Rb5 28. b3 Ra5 29. a4 Rc5 30. c4 b5 31. axb5 cxb5 32. cxb5 Rc2+ 33. Kg1
Nxb5 34. h4 Rc3 35. Kg2 Rxb3 36. h5 Rb4 37. Kh3 Nd4 38. h6 Ne6 39. Rg8 Nf4+ 40.
Kg4 Ng6+ 41. Kg5 Ne5 42. h7 Kc6 43. h8=Q Nf7+ 44. Kf6 Nxh8 45. Rxh8 Rf4+ 46.
Nf5 Rf2 47. Ra8 a5 48. Rxa5 Kb6 49. Re5 Rf1 50. Re3 Kb7 51. Rb3+ Kc7 52. Ke6
Rf2 53. Kd5 Rd2+ 54. Nd4 Rh2 55. Rc3+ Kd7 56. Rc2 Rh5+ 57. Kc4 Rh4 {Time
forfeit} 0-1

[Event "Rated Blitz game"]
[Site "?"]
[Date "2021.11.21"]
[Round "?"]
[White "Ianniello"]
[Black "batasjon"]
[Result "0-1"]
[WhiteElo "2456"]
[BlackElo "2435"]
[PlyCount "112"]
[EventDate "2021.??.??"]
[EventType "blitz"]

1. e4 e5 2. Nf3 d5 3. d3 dxe4 4. dxe4 Qxd1+ 5. Kxd1 Nf6 6. Bd3 Nc6 7. c3 Bc5 8.
Rf1 Bg4 9. Nbd2 O-O-O 10. Kc2 Rhe8 11. Nb3 Bb6 12. Bg5 Rd6 13. Rad1 Bxf3 14.
gxf3 Nh5 15. a3 h6 16. Be3 Rf6 17. Be2 Nf4 18. Bxf4 Rxf4 19. Nd2 Rh4 20. Bb5
Rxh2 21. Bxc6 bxc6 22. Nc4 f6 23. Rd2 Rd8 24. Re2 Kd7 25. b4 Ke7 26. a4 a6 27.
Nb2 g5 28. Nd3 h5 29. Rg1 h4 30. Nxe5 fxe5 31. Rxg5 Rxf2 32. Rxf2 Bxf2 33.
Rxe5+ Kf6 34. Rh5 Rg8 35. f4 Rg2 36. Kd3 Bg3 37. Ke3 Rc2 38. Kd3 Ra2 39. a5 Kg6
40. Rg5+ Kh6 41. Rg4 Rf2 42. f5 Rf3+ 43. Kd4 Bf2+ 44. Ke5 h3 45. Rg8 Bh4 46.
Rg1 h2 47. Rh1 Bg3+ 48. Ke6 Kg5 49. c4 Re3 50. Kd7 Rxe4 51. Kxc6 Rxc4+ 52. Kb7
Rxb4+ 53. Kxa6 Kxf5 54. Ka7 Ra4 55. a6 Kg4 56. Kb7 Kh3 {Time forfeit} 0-1

[Event "Rated Blitz game"]
[Site "?"]
[Date "2021.11.21"]
[Round "?"]
[White "ramza39"]
[Black "oALJHUNDZo"]
[Result "1-0"]
[WhiteElo "2488"]
[BlackElo "2420"]
[PlyCount "113"]
[EventDate "2021.??.??"]
[EventType "blitz"]

1. e4 e5 2. Nf3 d5 3. d4 dxe4 4. Nxe5 Bd6 5. Nc3 Bxe5 6. dxe5 Qxd1+ 7. Nxd1 Nc6
8. Bb5 Bd7 9. Nc3 O-O-O 10. Bf4 Nge7 11. O-O Ng6 12. Bg3 Ncxe5 13. Bxd7+ Rxd7
14. Nxe4 f5 15. Nc5 f4 16. Nxd7 Nxd7 17. Rfe1 fxg3 18. hxg3 Nde5 19. Rad1 Rd8
20. f3 Nc4 21. b3 Rxd1 22. Rxd1 Ne3 23. Re1 Nxc2 24. Re8+ Kd7 25. Rg8 Nb4 26.
Rxg7+ Kd6 27. f4 Nxa2 28. f5 Ne5 29. Rxh7 a5 30. Rh6+ Kd7 31. Re6 Nf7 32. Re4
Nc1 33. f6 Nd6 34. Re7+ Kd8 35. Re5 Nxb3 36. g4 a4 37. g5 a3 38. g6 a2 39. Re1
a1=Q 40. Rxa1 Ke8 41. g7 Kf7 42. Ra8 Kxf6 43. g8=Q c5 44. Qxb3 b5 45. Qf3+ Ke5
46. Re8+ Kd4 47. Qe3+ Kc4 48. Re6 Nb7 49. Qe4+ Kb3 50. Qxb7 b4 51. Qb5 c4 52.
Re3+ c3 53. Qd5+ Kb2 54. Qd3 Kb3 55. Qb1+ Kc4 56. Re4+ Kc5 57. Qxb4+ {Time
forfeit} 1-0

[Event "Rated Blitz game"]
[Site "?"]
[Date "2021.11.21"]
[Round "?"]
[White "tigra522"]
[Black "Tintyn"]
[Result "1/2-1/2"]
[WhiteElo "2567"]
[BlackElo "2428"]
[PlyCount "102"]
[EventDate "2021.??.??"]
[EventType "blitz"]

1. e4 e5 2. Nf3 d5 3. exd5 e4 4. Ne5 Qxd5 5. d4 exd3 6. Nxd3 Nf6 7. Nc3 Qf5 8.
Be2 Nc6 9. O-O Be7 10. Be3 Be6 11. Nf4 Rd8 12. Qc1 Bc8 13. Bf3 O-O 14. Ncd5
Nxd5 15. Nxd5 Bd6 16. c4 Ne5 17. Be2 Ng4 18. Bxg4 Qxg4 19. b3 c6 20. Nf4 Rfe8
21. h3 Qf5 22. Rd1 Bc5 23. Rxd8 Rxd8 24. Bxc5 Qxc5 25. Qc3 Bf5 26. Nh5 f6 27.
Ng3 Bg6 28. Re1 h5 29. Qf3 Rd2 30. Re2 Qd6 31. Rxd2 Qxd2 32. Nxh5 Qxa2 33. Nf4
Bc2 34. Qg4 Qxb3 35. Nh5 Qb1+ 36. Kh2 Bg6 37. Qc8+ Kh7 38. Nf4 Bf5 39. Qc7 Qe4
40. g3 Be6 41. Nxe6 Qxe6 42. Qxb7 Qxc4 43. Qxa7 Qd5 44. h4 c5 45. Qe7 c4 46.
Qe3 Qd3 47. Qe8 c3 48. Qh5+ Kg8 49. Qe8+ Kh7 50. Qh5+ Kg8 51. Qe8+ Kh7 {Normal}
1/2-1/2

[Event "Rated Rapid game"]
[Site "?"]
[Date "2021.11.21"]
[Round "?"]
[White "RMchess04"]
[Black "SuperNezh"]
[Result "0-1"]
[WhiteElo "2375"]
[BlackElo "2489"]
[PlyCount "62"]
[EventDate "2021.??.??"]
[EventType "rapid"]

1. e4 e5 2. Nf3 d5 3. Nxe5 Nf6 4. exd5 Qxd5 5. d4 Nc6 6. Nxc6 Qxc6 7. Be3 Bf5
8. Nc3 Bb4 9. Qd2 O-O 10. Bd3 Ne4 11. Bxe4 Bxe4 12. f3 Bg6 13. O-O Rfe8 14.
Rfe1 a5 15. Bf2 a4 16. Rxe8+ Rxe8 17. Re1 f6 18. Rxe8+ Qxe8 19. a3 Ba5 20. Be1
Bxc2 21. Bg3 Bb3 22. Kf2 Qd7 23. Qd3 Bb6 24. Ne2 c5 25. Ke1 Ba5+ 26. Kf1 b5 27.
Qe4 Bc4 28. dxc5 Qd1+ 29. Kf2 Qe1+ 30. Ke3 Qxe2+ 31. Kf4 Bc7+ {Normal} 0-1

[Event "Rated Blitz game"]
[Site "?"]
[Date "2021.11.21"]
[Round "?"]
[White "Varvara31"]
[Black "torgaev"]
[Result "1-0"]
[WhiteElo "2456"]
[BlackElo "2298"]
[PlyCount "155"]
[EventDate "2021.??.??"]
[EventType "blitz"]

1. e4 e5 2. Nf3 d5 3. exd5 e4 4. Qe2 Nf6 5. Nc3 Be7 6. Nxe4 O-O 7. d3 Nxd5 8.
Be3 Nc6 9. a3 Bg4 10. h3 Bh5 11. g4 Bg6 12. Bg2 Re8 13. O-O Bf8 14. Nfd2 Nxe3
15. fxe3 Qh4 16. Qf2 Qe7 17. b4 Rad8 18. Nc4 Ne5 19. Nxe5 Qxe5 20. Qf4 Qxf4 21.
exf4 f5 22. Nc5 Bxc5+ 23. bxc5 b6 24. cxb6 axb6 25. Rfe1 Rxe1+ 26. Rxe1 Rd4 27.
gxf5 Bxf5 28. Re7 Rxf4 29. Rxc7 h5 30. Rb7 Ra4 31. Rxb6 Rxa3 32. Rb5 g6 33. Rb7
Rc3 34. Bd5+ Kf8 35. Bb3 Bxh3 36. Kh2 Bf5 37. Kg3 Rc6 38. Kh4 Rc5 39. Ra7 Ke8
40. Rg7 Kf8 41. Rf7+ Ke8 42. Ra7 Bd7 43. Bc4 Bb5 44. Bf7+ Kd8 45. c4 Bd7 46.
Bxg6 Rc6 47. Bxh5 Rd6 48. Be2 Rd4+ 49. Kg5 Ke7 50. Rb7 Kd6 51. Ra7 Bc6 52. Ra6
Kc5 53. Ra5+ Kd6 54. Ra6 Kc5 55. Kf6 Rf4+ 56. Ke5 Rf2 57. Bg4 Rd2 58. Bf5 Rd1
59. Ra5+ Kb6 60. Ra2 Re1+ 61. Be4 Bxe4 62. dxe4 Kc5 63. Rc2 Re3 64. Kf5 Kd6 65.
c5+ Kd7 66. c6+ Kc7 67. e5 Rf3+ 68. Ke6 Ra3 69. Ke7 Ra8 70. e6 Rh8 71. Kf7 Rh7+
72. Kg6 Re7 73. Kf6 Rh7 74. e7 Rh8 75. Kf7 Rh7+ 76. Kf8 Rh8+ 77. Kg7 Ra8 78.
Kf7 {Normal} 1-0

[Event "Rated Rapid game"]
[Site "?"]
[Date "2021.11.21"]
[Round "?"]
[White "ynikitin"]
[Black "neokyo_1112"]
[Result "0-1"]
[WhiteElo "2291"]
[BlackElo "2469"]
[PlyCount "36"]
[EventDate "2021.??.??"]
[EventType "rapid"]

1. e4 e5 2. Nf3 d5 3. Nxe5 Bd6 4. d4 dxe4 5. Bf4 Nf6 6. Bc4 O-O 7. h3 Nc6 8.
Nxc6 bxc6 9. Bg5 h6 10. Bxf6 Qxf6 11. c3 Rd8 12. Nd2 Bf5 13. O-O Re8 14. Re1
Qg5 15. g4 Bg6 16. Nf1 Qh4 17. Kg2 e3 18. f3 Qf2+ {Normal} 0-1

[Event "Rated Blitz game"]
[Site "?"]
[Date "2021.11.21"]
[Round "?"]
[White "Koenigsindisch"]
[Black "batasjon"]
[Result "1-0"]
[WhiteElo "2514"]
[BlackElo "2448"]
[PlyCount "63"]
[EventDate "2021.??.??"]
[EventType "blitz"]

1. e4 e5 2. Nf3 d5 3. exd5 e4 4. Qe2 Nf6 5. d3 Qxd5 6. Nc3 Bb4 7. Nd2 Bxc3 8.
bxc3 O-O 9. Nxe4 Nbd7 10. Nxf6+ Nxf6 11. Be3 Re8 12. h3 Qa5 13. Qd2 Nd5 14. Be2
Qxc3 15. Qxc3 Nxc3 16. Bf3 c6 17. Kd2 Nd5 18. Bd4 Be6 19. a4 b6 20. a5 c5 21.
Bb2 Rad8 22. Rhe1 c4 23. axb6 axb6 24. Ra3 cxd3 25. Rxd3 Nb4 26. Rxd8 Rxd8+ 27.
Kc1 Rc8 28. Re2 Bf5 29. Bb7 Rxc2+ 30. Rxc2 Nxc2 31. Bc3 Ne1 32. Bxe1 {Normal}
1-0

[Event "Rated Blitz game"]
[Site "?"]
[Date "2021.11.21"]
[Round "?"]
[White "pachanga1991"]
[Black "rofaidah"]
[Result "1-0"]
[WhiteElo "2373"]
[BlackElo "2464"]
[PlyCount "83"]
[EventDate "2021.??.??"]
[EventType "blitz"]

1. e4 e5 2. Nf3 d5 3. Nxe5 Qe7 4. d4 f6 5. Nd3 dxe4 6. Nf4 Bf5 7. Be3 Nc6 8.
Nd5 Qd7 9. Nbc3 O-O-O 10. Bb5 Be6 11. Bxc6 Qxc6 12. Nf4 Bf5 13. d5 Qa6 14. Qd4
Kb8 15. a4 c5 16. Qd2 g5 17. Nfe2 Bd6 18. Nb5 b6 19. Nxd6 Rxd6 20. Nc3 Ne7 21.
Nb5 Rxd5 22. Qc3 Rf8 23. O-O Bg4 24. Rfe1 Ng6 25. h3 Bd7 26. Qc4 Ne7 27. Qxe4
Re5 28. Qxh7 Bxb5 29. axb5 Qb7 30. Bxg5 Rxe1+ 31. Rxe1 Nd5 32. Qxb7+ Kxb7 33.
Bh6 Rf7 34. c4 Nb4 35. Re3 Nc2 36. Rg3 Nd4 37. Rg7 Rxg7 38. Bxg7 f5 39. Bxd4
cxd4 40. h4 Kc7 41. h5 Kd7 42. h6 {Normal} 1-0

[Event "Rated Blitz game"]
[Site "?"]
[Date "2021.11.21"]
[Round "?"]
[White "Petukhov_Dmitry"]
[Black "oALJHUNDZo"]
[Result "1-0"]
[WhiteElo "2564"]
[BlackElo "2376"]
[PlyCount "27"]
[EventDate "2021.??.??"]
[EventType "blitz"]

1. e4 e5 2. Nf3 d5 3. Nxe5 dxe4 4. d4 Bd6 5. Bc4 Bxe5 6. Qh5 Qe7 7. dxe5 Nc6 8.
Bf4 g6 9. Qe2 Nxe5 10. Bb3 Nf6 11. Nc3 Nc6 12. Bg5 Bf5 13. Nd5 Qe5 14. Bxf6 {
Normal} 1-0

[Event "Rated Blitz game"]
[Site "?"]
[Date "2021.11.21"]
[Round "?"]
[White "Brascovitch"]
[Black "GrandeGila"]
[Result "0-1"]
[WhiteElo "2346"]
[BlackElo "2497"]
[PlyCount "116"]
[EventDate "2021.??.??"]
[EventType "blitz"]

1. e4 e5 2. Nf3 d5 3. exd5 e4 4. Qe2 Nf6 5. Nc3 Be7 6. Nxe4 Nxd5 7. d3 O-O 8.
Bd2 Re8 9. O-O-O f5 10. Ng3 Bf6 11. Be3 f4 12. Ne4 fxe3 13. fxe3 Bg4 14. h3 Bh5
15. g4 Bg6 16. Nxf6+ Qxf6 17. e4 Qf4+ 18. Kb1 Nb6 19. Nd4 Nc6 20. Nf5 Ne7 21.
Bg2 Nxf5 22. gxf5 Qxf5 23. h4 Bh5 24. Qd2 Qe5 25. Rdg1 Rad8 26. Qg5 Qxg5 27.
hxg5 Bg6 28. Bh3 Nd7 29. Bf5 Ne5 30. Rf1 Rd6 31. b3 c5 32. Rf2 b5 33. Rhf1 Bxf5
34. Rxf5 g6 35. Rf6 Red8 36. Kb2 c4 37. Rxd6 Rxd6 38. dxc4 bxc4 39. b4 Rd4 40.
Rf4 Rd2 41. Kc3 Re2 42. a4 Kg7 43. b5 h6 44. gxh6+ Kxh6 45. Kd4 Nd7 46. Kxc4
Rxc2+ 47. Kd5 Nb6+ 48. Ke6 Nxa4 49. e5 Rc5 50. Kf6 g5 51. Rxa4 Rxb5 52. Rxa7 g4
53. e6 Rb6 54. Ra8 Kh7 55. Ra7+ Kh6 56. Ra8 Kh7 57. Ra7+ Kg8 58. Ra8+ Rb8 {
Time forfeit} 0-1

[Event "Rated Blitz game"]
[Site "?"]
[Date "2021.11.21"]
[Round "?"]
[White "carlodoctolero"]
[Black "mirekkk14"]
[Result "1-0"]
[WhiteElo "2423"]
[BlackElo "2348"]
[PlyCount "43"]
[EventDate "2021.??.??"]
[EventType "blitz"]

1. e4 e5 2. Nf3 d5 3. exd5 e4 4. Ne5 Qxd5 5. f4 exf3 6. Nxf3 Nf6 7. Nc3 Qe6+ 8.
Be2 Bc5 9. d4 Bb6 10. O-O O-O 11. Kh1 a6 12. Re1 Qd6 13. Bg5 Bg4 14. Bh4 Nbd7
15. Bg3 Qc6 16. Ne5 Nxe5 17. dxe5 Bxe2 18. Qxe2 Nd5 19. Ne4 Rae8 20. c4 Nb4 21.
a3 f5 22. exf6 {Normal} 1-0